| 000 -LEADER |
| fixed length control field |
00339nam a22001217a 4500 |
| 040 ## - CATALOGING SOURCE |
| Transcribing agency |
HS |
| 082 ## - DEWEY DECIMAL CLASSIFICATION NUMBER |
| Classification number |
910 |
| 100 ## - MAIN ENTRY--AUTHOR NAME |
| Personal name |
HUOT KONGHEANG |
| 245 ## - TITLE STATEMENT |
| Title |
GIS Geographic information system ArcMap tutorial ArcGIS 9.3 refernce document |
| 260 ## - PUBLICATION, DISTRIBUTION, ETC. (IMPRINT) |
| Place of publication |
Peak leap national school of agriculture |
| Name of publisher |
HUOT KONGHEANG |
| Year of publication |
1998 |
| 300 ## - PHYSICAL DESCRIPTION |
| Number of Pages |
56p; |
| 942 ## - ADDED ENTRY ELEMENTS (KOHA) |
| Koha item type |
សៀវភៅភាសាអង់គ្លេស |
| 952 ## - LOCATION AND ITEM INFORMATION (KOHA) |
| Withdrawn status [LOCAL, KOHA] |
0 |
| 952 ## - LOCATION AND ITEM INFORMATION (KOHA) |
| Withdrawn status [LOCAL, KOHA] |
0 |
| 952 ## - LOCATION AND ITEM INFORMATION (KOHA) |
| Withdrawn status [LOCAL, KOHA] |
0 |
| 952 ## - LOCATION AND ITEM INFORMATION (KOHA) |
| Withdrawn status [LOCAL, KOHA] |
0 |
| 952 ## - LOCATION AND ITEM INFORMATION (KOHA) |
| Withdrawn status [LOCAL, KOHA] |
0 |
| 952 ## - LOCATION AND ITEM INFORMATION (KOHA) |
| Withdrawn status [LOCAL, KOHA] |
0 |